000
00334 a2200157 4500
001
59015
020
_a
8516023168
040
_c
Anchieta - Pituba
100
_a
Carrasco, Walcyr
240
1
0
_a
O anjo linguarudo
_l
por
245
1
0
_a
O anjo linguarudo
300
_a
63
362
0
_a
1999
650
4
_a
Literatura juvenil
942
_c
BK
999
_c
59015
_d
59015